Normal view
MARC view
- GARIBAY, RICARDO,
Entry Nombre Personal
001 - NUMERO DE CONTROL
- campo de control: 2316
003 - IDENTIFICADOR DE NUMERO DE CONTROL
- campo de control: UPN
005 - FECHA Y HORA DE LA ÜLTIMA TRANSACCIÓN
- campo de control: 20210219193620.0
008 - DATOS DE LONGITUD FIJA
- campo de control de longitud fija: nabaccnnaabn|||||||||| b |nc|||||d
035 ## - NUMERO DE CONTROL
- Número de control: UPN10000002316
040 ## - FUENTE DE CATALOGACIÓN
- Lenguaje de catalogación: SPA
- Agencia de transcripción: UPN
100 1# - ENCABEZAMIENTO - NOMBRE PERSONAL
- Nombre personal: GARIBAY, RICARDO,
- Fechas asociadas con el nombre: 1923-1999 -
- Subdivisión temática general : CRITICA E INTERPRETACION
670 ## - FUENTE EN LA QUE SE LOCALIZARON DATOS
- Cita de la fuente: T/E
- Uniform Resource Identifier: http://www.kokone.com.mx/tareas/biografias/escritores/rgaribay.html
902 ## - CATALOGADOR
- Catalogador: MEEG/310106
